[Event "Otvoreno prvenstvo Paraæina za 2012. god"]
[Site "DCK - Paraæin"]
[Date "2012.01.27"]
[Round "6.1"]
[White "Dinic, Dragan"]
[Black "Kojovic, Dragan"]
[Result "0-1"]
[WhiteElo "2310"]
[BlackElo "2387"]
[PlyCount "88"]
[EventDate "2012.01.20"]

1. e4 {[%emt 0:00:00]} c5 {[%emt 0:00:00]} 2. Nf3 {[%emt 0:00:00]} e6 {[%emt 0:
00:00]} 3. c3 {[%emt 0:00:00]} d5 {[%emt 0:00:00]} 4. exd5 {[%emt 0:00:00]}
exd5 {[%emt 0:00:00]} 5. d4 {[%emt 0:00:00]} Nc6 {[%emt 0:00:00]} 6. Bb5 {
[%emt 0:00:00]} Bd6 {[%emt 0:00:00]} 7. O-O {[%emt 0:00:00]} Nge7 {[%emt 0:00:
00]} 8. Bg5 {[%emt 0:00:00]} f6 {[%emt 0:00:00]} 9. Bh4 {[%emt 0:00:00]} O-O {
[%emt 0:00:00]} 10. Nbd2 {[%emt 0:00:00]} cxd4 {[%emt 0:00:00]} 11. cxd4 {
[%emt 0:00:00]} Qb6 {[%emt 0:00:00]} 12. Qa4 {[%emt 0:00:00]} g5 {[%emt 0:00:
00]} 13. Bxc6 {[%emt 0:00:00]} Qxc6 {[%emt 0:00:00]} 14. Qxc6 {[%emt 0:00:00]}
Nxc6 {[%emt 0:00:00]} 15. Bg3 {[%emt 0:00:00]} Bxg3 {[%emt 0:00:00]} 16. fxg3 {
[%emt 0:00:00]} g4 {[%emt 0:00:00]} 17. Nh4 {[%emt 0:00:00]} Nxd4 {[%emt 0:00:
00]} 18. Rae1 {[%emt 0:00:00]} Bd7 {[%emt 0:00:00]} 19. Rf4 {[%emt 0:00:00]}
Nc6 {[%emt 0:00:00]} 20. Nb3 {[%emt 0:00:00]} Rad8 {[%emt 0:00:00]} 21. Nd4 {
[%emt 0:00:00]} Rde8 {[%emt 0:00:00]} 22. Rd1 {[%emt 0:00:00]} Nxd4 {[%emt 0:
00:00]} 23. Rdxd4 {[%emt 0:00:00]} Re1+ {[%emt 0:00:00]} 24. Rf1 {[%emt 0:00:
00]} Rxf1+ {[%emt 0:00:00]} 25. Kxf1 {[%emt 0:00:00]} Be6 {[%emt 0:00:00]} 26.
Rf4 {[%emt 0:00:00]} f5 {[%emt 0:00:00]} 27. Ke2 {[%emt 0:00:00]} Kg7 {[%emt 0:
00:00]} 28. Ra4 {[%emt 0:00:00]} a6 {[%emt 0:00:00]} 29. Rb4 {[%emt 0:00:00]}
b5 {[%emt 0:00:00]} 30. a4 {[%emt 0:00:00]} Rb8 {[%emt 0:00:00]} 31. Ke3 {
[%emt 0:00:00]} Kf6 {[%emt 0:00:00]} 32. Kd4 {[%emt 0:00:00]} Rb7 {[%emt 0:00:
00]} 33. Rb3 {[%emt 0:00:00]} b4 {[%emt 0:00:00]} 34. Kc5 {[%emt 0:00:00]} a5 {
[%emt 0:00:00]} 35. Re3 {[%emt 0:00:00]} Rd7 {[%emt 0:00:00]} 36. Rd3 {[%emt 0:
00:00]} Rd8 {[%emt 0:00:00]} 37. Kb6 {[%emt 0:00:00]} d4 {[%emt 0:00:00]} 38.
Kxa5 {[%emt 0:00:00]} b3 {[%emt 0:00:00]} 39. Kb6 {[%emt 0:00:00]} Ke5 {[%emt
0:00:00]} 40. a5 {[%emt 0:00:00]} Bc4 {[%emt 0:00:00]} 41. Rd2 {[%emt 0:00:00]}
d3 {[%emt 0:00:00]} 42. h3 {[%emt 0:00:00]} Ke4 {[%emt 0:00:00]} 43. hxg4 {
[%emt 0:00:00]} fxg4 {[%emt 0:00:00]} 44. a6 {[%emt 0:00:00]} Ke3 {[%emt 0:00:
00]} 0-1

[Event "Otvoreno prvenstvo Paraæina za 2012. god"]
[Site "DCK - Paraæin"]
[Date "2012.01.27"]
[Round "6.2"]
[White "Zlatanovic, Boroljub"]
[Black "Milosevic, Aleksandar"]
[Result "1/2-1/2"]
[WhiteElo "2434"]
[BlackElo "2276"]
[PlyCount "130"]
[EventDate "2012.01.20"]

1. e4 {[%emt 0:00:00]} c5 {[%emt 0:00:00]} 2. g3 {[%emt 0:00:00]} d5 {[%emt 0:
00:00]} 3. exd5 {[%emt 0:00:00]} Qxd5 {[%emt 0:00:00]} 4. Nf3 {[%emt 0:00:00]}
Bg4 {[%emt 0:00:00]} 5. Bg2 {[%emt 0:00:00]} Qe6+ {[%emt 0:00:00]} 6. Kf1 {
[%emt 0:00:00]} Nc6 {[%emt 0:00:00]} 7. d3 {[%emt 0:00:00]} Qd7 {[%emt 0:00:00]
} 8. Be3 {[%emt 0:00:00]} e6 {[%emt 0:00:00]} 9. Nbd2 {[%emt 0:00:00]} Nf6 {
[%emt 0:00:00]} 10. h3 {[%emt 0:00:00]} Bh5 {[%emt 0:00:00]} 11. Nc4 {[%emt 0:
00:00]} Nd5 {[%emt 0:00:00]} 12. g4 {[%emt 0:00:00]} Bg6 {[%emt 0:00:00]} 13.
Nfe5 {[%emt 0:00:00]} Qc7 {[%emt 0:00:00]} 14. Nxc6 {[%emt 0:00:00]} Qxc6 {
[%emt 0:00:00]} 15. Qe2 {[%emt 0:00:00]} f6 {[%emt 0:00:00]} 16. Na5 {[%emt 0:
00:00]} Qd7 {[%emt 0:00:00]} 17. Bd2 {[%emt 0:00:00]} Rb8 {[%emt 0:00:00]} 18.
Re1 {[%emt 0:00:00]} Bf7 {[%emt 0:00:00]} 19. c4 {[%emt 0:00:00]} Ne7 {[%emt 0:
00:00]} 20. Bf4 {[%emt 0:00:00]} e5 {[%emt 0:00:00]} 21. Bxe5 {[%emt 0:00:00]}
fxe5 {[%emt 0:00:00]} 22. Qxe5 {[%emt 0:00:00]} Qc8 {[%emt 0:00:00]} 23. Qd6 {
[%emt 0:00:00]} Qd8 {[%emt 0:00:00]} 24. Nxb7 {[%emt 0:00:00]} Rxb7 {[%emt 0:
00:00]} 25. Qxd8+ {[%emt 0:00:00]} Kxd8 {[%emt 0:00:00]} 26. Bxb7 {[%emt 0:00:
00]} Ng6 {[%emt 0:00:00]} 27. Ke2 {[%emt 0:00:00]} Be7 {[%emt 0:00:00]} 28. Be4
{[%emt 0:00:00]} Nf4+ {[%emt 0:00:00]} 29. Kf3 {[%emt 0:00:00]} Bd6 {[%emt 0:
00:00]} 30. h4 {[%emt 0:00:00]} h6 {[%emt 0:00:00]} 31. Ke3 {[%emt 0:00:00]}
Rf8 {[%emt 0:00:00]} 32. a3 {[%emt 0:00:00]} Ne6 {[%emt 0:00:00]} 33. Bd5 {
[%emt 0:00:00]} Nd4 {[%emt 0:00:00]} 34. Bxf7 {[%emt 0:00:00]} Nc2+ {[%emt 0:
00:00]} 35. Ke4 {[%emt 0:00:00]} Nxe1 {[%emt 0:00:00]} 36. Rxe1 {[%emt 0:00:00]
} Rxf7 {[%emt 0:00:00]} 37. Kd5 {[%emt 0:00:00]} Kd7 {[%emt 0:00:00]} 38. Re6 {
[%emt 0:00:00]} Be7 {[%emt 0:00:00]} 39. Ra6 {[%emt 0:00:00]} Rxf2 {[%emt 0:00:
00]} 40. Rxa7+ {[%emt 0:00:00]} Ke8 {[%emt 0:00:00]} 41. b4 {[%emt 0:00:00]}
cxb4 {[%emt 0:00:00]} 42. axb4 {[%emt 0:00:00]} Bxb4 {[%emt 0:00:00]} 43. Rxg7
{[%emt 0:00:00]} Rd2 {[%emt 0:00:00]} 44. Ke4 {[%emt 0:00:00]} Be7 {[%emt 0:00:
00]} 45. Rg6 {[%emt 0:00:00]} Bf8 {[%emt 0:00:00]} 46. d4 {[%emt 0:00:00]} Kf7
{[%emt 0:00:00]} 47. h5 {[%emt 0:00:00]} Bg7 {[%emt 0:00:00]} 48. Rd6 {[%emt 0:
00:00]} Ke7 {[%emt 0:00:00]} 49. c5 {[%emt 0:00:00]} Rg2 {[%emt 0:00:00]} 50.
Kf5 {[%emt 0:00:00]} Rd2 {[%emt 0:00:00]} 51. d5 {[%emt 0:00:00]} Rd4 {[%emt 0:
00:00]} 52. g5 {[%emt 0:00:00]} hxg5 {[%emt 0:00:00]} 53. h6 {[%emt 0:00:00]}
Bxh6 {[%emt 0:00:00]} 54. Re6+ {[%emt 0:00:00]} Kd7 {[%emt 0:00:00]} 55. c6+ {
[%emt 0:00:00]} Kc7 {[%emt 0:00:00]} 56. Re7+ {[%emt 0:00:00]} Kd8 {[%emt 0:00:
00]} 57. Rd7+ {[%emt 0:00:00]} Kc8 {[%emt 0:00:00]} 58. Ke5 {[%emt 0:00:00]}
Rf4 {[%emt 0:00:00]} 59. d6 {[%emt 0:00:00]} Bf8 {[%emt 0:00:00]} 60. Rc7+ {
[%emt 0:00:00]} Kd8 {[%emt 0:00:00]} 61. Rd7+ {[%emt 0:00:00]} Kc8 {[%emt 0:00:
00]} 62. Rc7+ {[%emt 0:00:00]} Kd8 {[%emt 0:00:00]} 63. Ra7 {[%emt 0:00:00]}
Bxd6+ {[%emt 0:00:00]} 64. Kxd6 {[%emt 0:00:00]} Rd4+ {[%emt 0:00:00]} 65. Kc5
{[%emt 0:00:00]} Rd1 {[%emt 0:00:00]} 1/2-1/2

[Event "Otvoreno prvenstvo Paraæina za 2012. god"]
[Site "DCK - Paraæin"]
[Date "2012.01.27"]
[Round "6.3"]
[White "Novoselski, Zoran"]
[Black "Stefanovic, Vladimir"]
[Result "1-0"]
[WhiteElo "2389"]
[BlackElo "2187"]
[PlyCount "105"]
[EventDate "2012.01.20"]

1. Nf3 {[%emt 0:00:00]} Nf6 {[%emt 0:00:00]} 2. c4 {[%emt 0:00:00]} g6 {[%emt
0:00:00]} 3. Nc3 {[%emt 0:00:00]} c5 {[%emt 0:00:00]} 4. g3 {[%emt 0:00:00]}
Nc6 {[%emt 0:00:00]} 5. d4 {[%emt 0:00:00]} cxd4 {[%emt 0:00:00]} 6. Nxd4 {
[%emt 0:00:00]} Bg7 {[%emt 0:00:00]} 7. Bg2 {[%emt 0:00:00]} O-O {[%emt 0:00:
00]} 8. O-O {[%emt 0:00:00]} Nxd4 {[%emt 0:00:00]} 9. Qxd4 {[%emt 0:00:00]} d6
{[%emt 0:00:00]} 10. Qh4 {[%emt 0:00:00]} Be6 {[%emt 0:00:00]} 11. Rd1 {[%emt
0:00:00]} Qa5 {[%emt 0:00:00]} 12. Nd5 {[%emt 0:00:00]} Bxd5 {[%emt 0:00:00]}
13. cxd5 {[%emt 0:00:00]} Rac8 {[%emt 0:00:00]} 14. Bd2 {[%emt 0:00:00]} Qb5 {
[%emt 0:00:00]} 15. Bc3 {[%emt 0:00:00]} Rfe8 {[%emt 0:00:00]} 16. e4 {[%emt 0:
00:00]} Nh5 {[%emt 0:00:00]} 17. Bf1 {[%emt 0:00:00]} Qb6 {[%emt 0:00:00]} 18.
Bh3 {[%emt 0:00:00]} Rc4 {[%emt 0:00:00]} 19. Bf1 {[%emt 0:00:00]} Rcc8 {[%emt
0:00:00]} 20. Bxg7 {[%emt 0:00:00]} Kxg7 {[%emt 0:00:00]} 21. Rd2 {[%emt 0:00:
00]} Qa5 {[%emt 0:00:00]} 22. Re2 {[%emt 0:00:00]} Rc4 {[%emt 0:00:00]} 23. b3
{[%emt 0:00:00]} Rc3 {[%emt 0:00:00]} 24. Rae1 {[%emt 0:00:00]} Qc5 {[%emt 0:
00:00]} 25. Bh3 {[%emt 0:00:00]} Nf6 {[%emt 0:00:00]} 26. Qf4 {[%emt 0:00:00]}
Rd8 {[%emt 0:00:00]} 27. Qd2 {[%emt 0:00:00]} Nd7 {[%emt 0:00:00]} 28. Qb2 {
[%emt 0:00:00]} Ne5 {[%emt 0:00:00]} 29. Re3 {[%emt 0:00:00]} Rc2 {[%emt 0:00:
00]} 30. Qa1 {[%emt 0:00:00]} Kg8 {[%emt 0:00:00]} 31. Rf1 {[%emt 0:00:00]} h5
{[%emt 0:00:00]} 32. a3 {[%emt 0:00:00]} g5 {[%emt 0:00:00]} 33. Bf5 {[%emt 0:
00:00]} Rxf2 {[%emt 0:00:00]} 34. Kxf2 {[%emt 0:00:00]} Nd3+ {[%emt 0:00:00]}
35. Kg2 {[%emt 0:00:00]} Qxe3 {[%emt 0:00:00]} 36. Qd1 {[%emt 0:00:00]} g4 {
[%emt 0:00:00]} 37. h3 {[%emt 0:00:00]} Ne5 {[%emt 0:00:00]} 38. hxg4 {[%emt 0:
00:00]} hxg4 {[%emt 0:00:00]} 39. Rf4 {[%emt 0:00:00]} Kg7 {[%emt 0:00:00]} 40.
Bxg4 {[%emt 0:00:00]} Ng6 {[%emt 0:00:00]} 41. Rf3 {[%emt 0:00:00]} Qxe4 {
[%emt 0:00:00]} 42. Bf5 {[%emt 0:00:00]} Qe5 {[%emt 0:00:00]} 43. Qd3 {[%emt 0:
00:00]} Rf8 {[%emt 0:00:00]} 44. Rf2 {[%emt 0:00:00]} e6 {[%emt 0:00:00]} 45.
Be4 {[%emt 0:00:00]} f5 {[%emt 0:00:00]} 46. Bf3 {[%emt 0:00:00]} f4 {[%emt 0:
00:00]} 47. Re2 {[%emt 0:00:00]} Qg5 {[%emt 0:00:00]} 48. dxe6 {[%emt 0:00:00]}
fxg3 {[%emt 0:00:00]} 49. Qc3+ {[%emt 0:00:00]} Kh6 {[%emt 0:00:00]} 50. e7 {
[%emt 0:00:00]} Nh4+ {[%emt 0:00:00]} 51. Kh3 {[%emt 0:00:00]} Qf5+ {[%emt 0:
00:00]} 52. Kxh4 {[%emt 0:00:00]} Rg8 {[%emt 0:00:00]} 53. Qe3+ {[%emt 0:00:00]
} 1-0

[Event "Otvoreno prvenstvo Paraæina za 2012. god"]
[Site "DCK - Paraæin"]
[Date "2012.01.27"]
[Round "6.4"]
[White "Milovanovic, Srboljub"]
[Black "Brankovic, Dejan"]
[Result "0-1"]
[WhiteElo "2203"]
[BlackElo "2350"]
[PlyCount "104"]
[EventDate "2012.01.20"]

1. d4 {[%emt 0:00:00]} Nf6 {[%emt 0:00:00]} 2. c4 {[%emt 0:00:00]} g6 {[%emt 0:
00:00]} 3. Nc3 {[%emt 0:00:00]} Bg7 {[%emt 0:00:00]} 4. e4 {[%emt 0:00:00]} d6
{[%emt 0:00:00]} 5. f3 {[%emt 0:00:00]} O-O {[%emt 0:00:00]} 6. Be3 {[%emt 0:
00:00]} Nbd7 {[%emt 0:00:00]} 7. Qd2 {[%emt 0:00:00]} c5 {[%emt 0:00:00]} 8.
Nh3 {[%emt 0:00:00]} cxd4 {[%emt 0:00:00]} 9. Bxd4 {[%emt 0:00:00]} Ne5 {[%emt
0:00:00]} 10. Bxe5 {[%emt 0:00:00]} dxe5 {[%emt 0:00:00]} 11. Qxd8 {[%emt 0:00:
00]} Rxd8 {[%emt 0:00:00]} 12. Nf2 {[%emt 0:00:00]} Bd7 {[%emt 0:00:00]} 13.
Bd3 {[%emt 0:00:00]} e6 {[%emt 0:00:00]} 14. Ke2 {[%emt 0:00:00]} Bf8 {[%emt 0:
00:00]} 15. Rhd1 {[%emt 0:00:00]} Bc6 {[%emt 0:00:00]} 16. Rac1 {[%emt 0:00:00]
} h5 {[%emt 0:00:00]} 17. Bb1 {[%emt 0:00:00]} Bc5 {[%emt 0:00:00]} 18. Rxd8+ {
[%emt 0:00:00]} Rxd8 {[%emt 0:00:00]} 19. Nd3 {[%emt 0:00:00]} Bd4 {[%emt 0:00:
00]} 20. b4 {[%emt 0:00:00]} b6 {[%emt 0:00:00]} 21. c5 {[%emt 0:00:00]} bxc5 {
[%emt 0:00:00]} 22. Nxc5 {[%emt 0:00:00]} Bxc5 {[%emt 0:00:00]} 23. bxc5 {
[%emt 0:00:00]} Nd7 {[%emt 0:00:00]} 24. Ke3 {[%emt 0:00:00]} Rc8 {[%emt 0:00:
00]} 25. Nd1 {[%emt 0:00:00]} Ba4 {[%emt 0:00:00]} 26. Nb2 {[%emt 0:00:00]}
Rxc5 {[%emt 0:00:00]} 27. Rxc5 {[%emt 0:00:00]} Nxc5 {[%emt 0:00:00]} 28. Nxa4
{[%emt 0:00:00]} Nxa4 {[%emt 0:00:00]} 29. Kd3 {[%emt 0:00:00]} Nb6 {[%emt 0:
00:00]} 30. Kc3 {[%emt 0:00:00]} a5 {[%emt 0:00:00]} 31. Bd3 {[%emt 0:00:00]}
Kf8 {[%emt 0:00:00]} 32. h4 {[%emt 0:00:00]} Ke7 {[%emt 0:00:00]} 33. Bb5 {
[%emt 0:00:00]} f5 {[%emt 0:00:00]} 34. Kd3 {[%emt 0:00:00]} f4 {[%emt 0:00:00]
} 35. Kc3 {[%emt 0:00:00]} Kf7 {[%emt 0:00:00]} 36. Kb3 {[%emt 0:00:00]} g5 {
[%emt 0:00:00]} 37. hxg5 {[%emt 0:00:00]} Kg6 {[%emt 0:00:00]} 38. Be8+ {[%emt
0:00:00]} Kxg5 {[%emt 0:00:00]} 39. Bf7 {[%emt 0:00:00]} Kh4 {[%emt 0:00:00]}
40. Bxe6 {[%emt 0:00:00]} Kg3 {[%emt 0:00:00]} 41. Bh3 {[%emt 0:00:00]} Kf2 {
[%emt 0:00:00]} 42. Kc3 {[%emt 0:00:00]} Ke3 {[%emt 0:00:00]} 43. Be6 {[%emt 0:
00:00]} Kf2 {[%emt 0:00:00]} 44. Bh3 {[%emt 0:00:00]} Kg3 {[%emt 0:00:00]} 45.
Kd3 {[%emt 0:00:00]} Kh4 {[%emt 0:00:00]} 46. Bf5 {[%emt 0:00:00]} Kg5 {[%emt
0:00:00]} 47. Bh3 {[%emt 0:00:00]} Kf6 {[%emt 0:00:00]} 48. Kc3 {[%emt 0:00:00]
} Ke7 {[%emt 0:00:00]} 49. Bf5 {[%emt 0:00:00]} Kd6 {[%emt 0:00:00]} 50. a3 {
[%emt 0:00:00]} Kc5 {[%emt 0:00:00]} 51. Bg6 {[%emt 0:00:00]} h4 {[%emt 0:00:
00]} 52. Be8 {[%emt 0:00:00]} Nc4 {[%emt 0:00:00]} 0-1

[Event "Otvoreno prvenstvo Paraæina za 2012. god"]
[Site "DCK - Paraæin"]
[Date "2012.01.27"]
[Round "6.5"]
[White "Garic, Radomir"]
[Black "Colovic, Zoran"]
[Result "1/2-1/2"]
[WhiteElo "2274"]
[BlackElo "2168"]
[PlyCount "29"]
[EventDate "2012.01.20"]

1. e4 {[%emt 0:00:00]} c5 {[%emt 0:00:00]} 2. Nf3 {[%emt 0:00:00]} Nc6 {[%emt
0:00:00]} 3. Bb5 {[%emt 0:00:00]} Nf6 {[%emt 0:00:00]} 4. Nc3 {[%emt 0:00:00]}
Qc7 {[%emt 0:00:00]} 5. O-O {[%emt 0:00:00]} e6 {[%emt 0:00:00]} 6. Re1 {[%emt
0:00:00]} Ne5 {[%emt 0:00:00]} 7. Nxe5 {[%emt 0:00:00]} Qxe5 {[%emt 0:00:00]}
8. d3 {[%emt 0:00:00]} a6 {[%emt 0:00:00]} 9. Bc4 {[%emt 0:00:00]} b5 {[%emt 0:
00:00]} 10. Bd5 {[%emt 0:00:00]} Rb8 {[%emt 0:00:00]} 11. Bb3 {[%emt 0:00:00]}
Be7 {[%emt 0:00:00]} 12. f4 {[%emt 0:00:00]} Qc7 {[%emt 0:00:00]} 13. e5 {
[%emt 0:00:00]} Ng8 {[%emt 0:00:00]} 14. Ne4 {[%emt 0:00:00]} Nh6 {[%emt 0:00:
00]} 15. c3 {[%emt 0:00:00]} 1/2-1/2

[Event "Otvoreno prvenstvo Paraæina za 2012. god"]
[Site "DCK - Paraæin"]
[Date "2012.01.27"]
[Round "6.6"]
[White "Radosavljevic, Slobodan D"]
[Black "Mladenovic, Stefan"]
[Result "0-1"]
[WhiteElo "2231"]
[BlackElo "2181"]
[PlyCount "78"]
[EventDate "2012.01.20"]

1. g3 {[%emt 0:00:00]} g6 {[%emt 0:00:00]} 2. Bg2 {[%emt 0:00:00]} Bg7 {[%emt
0:00:00]} 3. c4 {[%emt 0:00:00]} e5 {[%emt 0:00:00]} 4. Nc3 {[%emt 0:00:00]}
Nc6 {[%emt 0:00:00]} 5. Nf3 {[%emt 0:00:00]} Nf6 {[%emt 0:00:00]} 6. O-O {
[%emt 0:00:00]} O-O {[%emt 0:00:00]} 7. d4 {[%emt 0:00:00]} d6 {[%emt 0:00:00]}
8. d5 {[%emt 0:00:00]} Ne7 {[%emt 0:00:00]} 9. e4 {[%emt 0:00:00]} a5 {[%emt 0:
00:00]} 10. a3 {[%emt 0:00:00]} Nd7 {[%emt 0:00:00]} 11. Ne1 {[%emt 0:00:00]}
f5 {[%emt 0:00:00]} 12. Nd3 {[%emt 0:00:00]} b6 {[%emt 0:00:00]} 13. Rb1 {
[%emt 0:00:00]} Nc5 {[%emt 0:00:00]} 14. f3 {[%emt 0:00:00]} Nxd3 {[%emt 0:00:
00]} 15. Qxd3 {[%emt 0:00:00]} f4 {[%emt 0:00:00]} 16. b4 {[%emt 0:00:00]} axb4
{[%emt 0:00:00]} 17. axb4 {[%emt 0:00:00]} g5 {[%emt 0:00:00]} 18. Bb2 {[%emt
0:00:00]} Ng6 {[%emt 0:00:00]} 19. g4 {[%emt 0:00:00]} h5 {[%emt 0:00:00]} 20.
h3 {[%emt 0:00:00]} hxg4 {[%emt 0:00:00]} 21. hxg4 {[%emt 0:00:00]} Bd7 {[%emt
0:00:00]} 22. Ra1 {[%emt 0:00:00]} Qe7 {[%emt 0:00:00]} 23. Nb5 {[%emt 0:00:00]
} Bxb5 {[%emt 0:00:00]} 24. cxb5 {[%emt 0:00:00]} Bf6 {[%emt 0:00:00]} 25. Kf2
{[%emt 0:00:00]} Kg7 {[%emt 0:00:00]} 26. Bc3 {[%emt 0:00:00]} Rh8 {[%emt 0:00:
00]} 27. Rxa8 {[%emt 0:00:00]} Rxa8 {[%emt 0:00:00]} 28. Ra1 {[%emt 0:00:00]}
Qe8 {[%emt 0:00:00]} 29. Ra6 {[%emt 0:00:00]} Qh8 {[%emt 0:00:00]} 30. Be1 {
[%emt 0:00:00]} Rf8 {[%emt 0:00:00]} 31. Kg1 {[%emt 0:00:00]} Qh6 {[%emt 0:00:
00]} 32. Ra7 {[%emt 0:00:00]} Rh8 {[%emt 0:00:00]} 33. Rxc7+ {[%emt 0:00:00]}
Be7 {[%emt 0:00:00]} 34. Qc2 {[%emt 0:00:00]} Qh2+ {[%emt 0:00:00]} 35. Kf1 {
[%emt 0:00:00]} Ra8 {[%emt 0:00:00]} 36. Qb2 {[%emt 0:00:00]} Kf6 {[%emt 0:00:
00]} 37. Qd2 {[%emt 0:00:00]} Nh4 {[%emt 0:00:00]} 38. Bxh4 {[%emt 0:00:00]}
gxh4 {[%emt 0:00:00]} 39. g5+ {[%emt 0:00:00]} Kxg5 {[%emt 0:00:00]} 0-1

[Event "Otvoreno prvenstvo Paraæina za 2012. god"]
[Site "DCK - Paraæin"]
[Date "2012.01.27"]
[Round "6.7"]
[White "Djuretanovic, Ivan"]
[Black "Popovic, Djordje D"]
[Result "0-1"]
[WhiteElo "2063"]
[BlackElo "2260"]
[PlyCount "61"]
[EventDate "2012.01.20"]

1. d4 {[%emt 0:00:00]} Nf6 {[%emt 0:00:00]} 2. c4 {[%emt 0:00:00]} g6 {[%emt 0:
00:00]} 3. g3 {[%emt 0:00:00]} Bg7 {[%emt 0:00:00]} 4. Bg2 {[%emt 0:00:00]} O-O
{[%emt 0:00:00]} 5. Nf3 {[%emt 0:00:00]} c5 {[%emt 0:00:00]} 6. d5 {[%emt 0:00:
00]} d6 {[%emt 0:00:00]} 7. Nc3 {[%emt 0:00:00]} Na6 {[%emt 0:00:00]} 8. O-O {
[%emt 0:00:00]} Bf5 {[%emt 0:00:00]} 9. Nh4 {[%emt 0:00:00]} Bd7 {[%emt 0:00:
00]} 10. e4 {[%emt 0:00:00]} Nc7 {[%emt 0:00:00]} 11. Bd2 {[%emt 0:00:00]} Rb8
{[%emt 0:00:00]} 12. a4 {[%emt 0:00:00]} b6 {[%emt 0:00:00]} 13. Qc1 {[%emt 0:
00:00]} a6 {[%emt 0:00:00]} 14. Bh6 {[%emt 0:00:00]} b5 {[%emt 0:00:00]} 15.
Bxg7 {[%emt 0:00:00]} Kxg7 {[%emt 0:00:00]} 16. axb5 {[%emt 0:00:00]} axb5 {
[%emt 0:00:00]} 17. b3 {[%emt 0:00:00]} bxc4 {[%emt 0:00:00]} 18. bxc4 {[%emt
0:00:00]} Rb4 {[%emt 0:00:00]} 19. Nd1 {[%emt 0:00:00]} e6 {[%emt 0:00:00]} 20.
Ne3 {[%emt 0:00:00]} exd5 {[%emt 0:00:00]} 21. exd5 {[%emt 0:00:00]} Ng4 {
[%emt 0:00:00]} 22. Nxg4 {[%emt 0:00:00]} Bxg4 {[%emt 0:00:00]} 23. Qc3+ {
[%emt 0:00:00]} Qf6 {[%emt 0:00:00]} 24. Qxf6+ {[%emt 0:00:00]} Kxf6 {[%emt 0:
00:00]} 25. Rfc1 {[%emt 0:00:00]} Ra8 {[%emt 0:00:00]} 26. Bf1 {[%emt 0:00:00]}
Bf5 {[%emt 0:00:00]} 27. Ng2 {[%emt 0:00:00]} Rxa1 {[%emt 0:00:00]} 28. Rxa1 {
[%emt 0:00:00]} Rb1 {[%emt 0:00:00]} 29. Ra7 {[%emt 0:00:00]} Ne8 {[%emt 0:00:
00]} 30. Ne3 {[%emt 0:00:00]} Bh3 {[%emt 0:00:00]} 31. f4 {[%emt 0:00:00]
unclear} 0-1

[Event "Otvoreno prvenstvo Paraæina za 2012. god"]
[Site "DCK - Paraæin"]
[Date "2012.01.27"]
[Round "6.8"]
[White "Radovanovic, Nikola"]
[Black "Cvetanovic, Uros"]
[Result "1-0"]
[WhiteElo "2092"]
[BlackElo "2214"]
[PlyCount "83"]
[EventDate "2012.01.20"]

1. e4 {[%emt 0:00:00]} c5 {[%emt 0:00:00]} 2. Nf3 {[%emt 0:00:00]} d6 {[%emt 0:
00:00]} 3. d4 {[%emt 0:00:00]} cxd4 {[%emt 0:00:00]} 4. Nxd4 {[%emt 0:00:00]}
Nf6 {[%emt 0:00:00]} 5. Nc3 {[%emt 0:00:00]} Nc6 {[%emt 0:00:00]} 6. Bg5 {
[%emt 0:00:00]} Qa5 {[%emt 0:00:00]} 7. Bxf6 {[%emt 0:00:00]} gxf6 {[%emt 0:00:
00]} 8. Nb3 {[%emt 0:00:00]} Qg5 {[%emt 0:00:00]} 9. Nd5 {[%emt 0:00:00]} Kd8 {
[%emt 0:00:00]} 10. f4 {[%emt 0:00:00]} Qg6 {[%emt 0:00:00]} 11. Nc3 {[%emt 0:
00:00]} h5 {[%emt 0:00:00]} 12. Qd2 {[%emt 0:00:00]} Bh6 {[%emt 0:00:00]} 13.
O-O-O {[%emt 0:00:00]} Bg4 {[%emt 0:00:00]} 14. Re1 {[%emt 0:00:00]} Rc8 {
[%emt 0:00:00]} 15. Kb1 {[%emt 0:00:00]} Kc7 {[%emt 0:00:00]} 16. Qf2 {[%emt 0:
00:00]} Bd7 {[%emt 0:00:00]} 17. Bd3 {[%emt 0:00:00]} Qg7 {[%emt 0:00:00]} 18.
Nb5+ {[%emt 0:00:00]} Kb8 {[%emt 0:00:00]} 19. Na5 {[%emt 0:00:00]} b6 {[%emt
0:00:00]} 20. Nxc6+ {[%emt 0:00:00]} Bxc6 {[%emt 0:00:00]} 21. Nd4 {[%emt 0:00:
00]} Bb7 {[%emt 0:00:00]} 22. Nf5 {[%emt 0:00:00]} Qf8 {[%emt 0:00:00]} 23. e5
{[%emt 0:00:00]} fxe5 {[%emt 0:00:00]} 24. fxe5 {[%emt 0:00:00]} dxe5 {[%emt 0:
00:00]} 25. Nxh6 {[%emt 0:00:00]} Rxh6 {[%emt 0:00:00]} 26. Rxe5 {[%emt 0:00:
00]} e6 {[%emt 0:00:00]} 27. Rf1 {[%emt 0:00:00]} Qd6 {[%emt 0:00:00]} 28. Re2
{[%emt 0:00:00]} Rc7 {[%emt 0:00:00]} 29. g3 {[%emt 0:00:00]} h4 {[%emt 0:00:
00]} 30. gxh4 {[%emt 0:00:00]} Qe7 {[%emt 0:00:00]} 31. Qg3 {[%emt 0:00:00]}
Rxh4 {[%emt 0:00:00]} 32. Rxf7 {[%emt 0:00:00]} Qxf7 {[%emt 0:00:00]} 33. Qxh4
{[%emt 0:00:00]} Bd5 {[%emt 0:00:00]} 34. b3 {[%emt 0:00:00]} Qg7 {[%emt 0:00:
00]} 35. Ba6 {[%emt 0:00:00]} Qg1+ {[%emt 0:00:00]} 36. Re1 {[%emt 0:00:00]}
Qg8 {[%emt 0:00:00]} 37. Qf4 {[%emt 0:00:00]} Qf7 {[%emt 0:00:00]} 38. Qd6 {
[%emt 0:00:00]} Qe7 {[%emt 0:00:00]} 39. Rg1 {[%emt 0:00:00]} e5 {[%emt 0:00:
00]} 40. Qxd5 {[%emt 0:00:00]} Rd7 {[%emt 0:00:00]} 41. Rg8+ {[%emt 0:00:00]}
Kc7 {[%emt 0:00:00]} 42. Rc8# {[%emt 0:00:00]} 1-0

[Event "Otvoreno prvenstvo Paraæina za 2012. god"]
[Site "DCK - Paraæin"]
[Date "2012.01.27"]
[Round "6.9"]
[White "Grujic, Nebojsa"]
[Black "Zivkovic, Zivojin"]
[Result "1/2-1/2"]
[WhiteElo "2160"]
[BlackElo "1979"]
[PlyCount "23"]
[EventDate "2012.01.20"]

1. d4 {[%emt 0:00:00]} Nf6 {[%emt 0:00:00]} 2. c4 g6 3. Nc3 Bg7 4. Nf3 d6 5. g3
O-O 6. Bg2 Nc6 7. O-O a6 8. e4 Nd7 9. Be3 Rb8 10. a4 Na5 11. b3 c5 12. Qc2
1/2-1/2

[Event "Otvoreno prvenstvo Paraæina za 2012. god"]
[Site "DCK - Paraæin"]
[Date "2012.01.27"]
[Round "6.11"]
[White "Ristic, Dejan D"]
[Black "Madic, Zivko"]
[Result "0-1"]
[WhiteElo "1850"]
[BlackElo "2131"]
[PlyCount "44"]
[EventDate "2012.01.20"]

1. d4 {[%emt 0:00:00]} Nf6 {[%emt 0:00:00]} 2. c4 {[%emt 0:00:00]} g6 {[%emt 0:
00:00]} 3. Nc3 {[%emt 0:00:00]} Bg7 {[%emt 0:00:00]} 4. e4 {[%emt 0:00:00]} d6
{[%emt 0:00:00]} 5. f3 {[%emt 0:00:00]} O-O {[%emt 0:00:00]} 6. Be3 {[%emt 0:
00:00]} b6 {[%emt 0:00:00]} 7. Qd2 {[%emt 0:00:00]} c5 {[%emt 0:00:00]} 8. d5 {
[%emt 0:00:00]} Na6 {[%emt 0:00:00]} 9. a3 {[%emt 0:00:00]} Nc7 {[%emt 0:00:00]
} 10. Bd3 {[%emt 0:00:00]} e6 {[%emt 0:00:00]} 11. Nge2 {[%emt 0:00:00]} exd5 {
[%emt 0:00:00]} 12. cxd5 {[%emt 0:00:00]} a6 {[%emt 0:00:00]} 13. a4 {[%emt 0:
00:00]} Bd7 {[%emt 0:00:00]} 14. O-O {[%emt 0:00:00]} Re8 {[%emt 0:00:00]} 15.
Bf4 {[%emt 0:00:00]} Qe7 {[%emt 0:00:00]} 16. Bc2 {[%emt 0:00:00]} Qf8 {[%emt
0:00:00]} 17. Rfe1 {[%emt 0:00:00]} b5 {[%emt 0:00:00]} 18. a5 {[%emt 0:00:00]}
Nh5 {[%emt 0:00:00]} 19. Be3 {[%emt 0:00:00]} Rab8 {[%emt 0:00:00]} 20. Nf4 {
[%emt 0:00:00]} Nf6 {[%emt 0:00:00]} 21. Nce2 {[%emt 0:00:00]} Rec8 {[%emt 0:
00:00]} 22. Ng3 {[%emt 0:00:00]} Be8 {[%emt 0:00:00] unclear} 0-1